000 00649nam a2200277Ia 4500
005 20260324132849.0
008 008 260324s9999 xx 000 0 eng d
020 _a9781003572404
037 _aEBOOK
040 _aCRL
040 _beng
040 _cCRL
041 _2eng
041 _aeng
084 _qCRL
100 _aArthur Bradley
_91120942
245 0 _aNegative Theology and Modern French Philosophy
260 _bTaylor and Francis
260 _c2004
365 _a
365 _b290
856 _uhttp://www.taylorfrancis.com/books/9781003572404
942 _cEBOOK
999 _c1789388
_d1789388